| 000 | 00991cam a22003015i 4500 | ||
|---|---|---|---|
| 999 |
_c13330 _d13330 |
||
| 001 | 4955379 | ||
| 003 | EG-ScBUE | ||
| 005 | 20200119113223.0 | ||
| 008 | 960912r19611960nyu f 000 f eng d | ||
| 040 |
_aEG-ScBUE _beng _erda _cEG-ScBUE _dEG-ScBUE |
||
| 082 | 0 | 4 |
_a823.9 _bDUR _222 |
| 100 | 1 |
_aDurrell, Lawrence, _eauthor. |
|
| 245 | 1 | 0 |
_aClea : _ba novel / _cby Lawrence Durrell. |
| 250 | _aSeventh printing. | ||
| 264 | 1 |
_aNew York : _bE. P. Dutton & Co. Inc., _c1961. |
|
| 300 |
_a287 pages ; _c22 cm |
||
| 336 |
_atext _btxt _2rdacontent |
||
| 337 |
_aunmediated _bn _2rdamedia |
||
| 338 |
_avolume _bnc _2rdacarrier |
||
| 520 | _aDarley returns to a war-fevered Alexandria as the stories of the many characters move toward a conclusion. | ||
| 590 | _aBilal | ||
| 650 | 7 |
_aMarried women. _2BUEsh |
|
| 650 | 7 |
_aDiplomats. _2BUEsh |
|
| 651 | 7 |
_aAlexandria (Egypt) _vFiction. _2BUEsh _924476 |
|
| 653 |
_bHHUUEENN _cJuly2019 |
||
| 942 |
_2ddc _cBB |
||